02119nam a2200265 i 4500003000900000005001700009006001900026007000300045008004100048040003000089082001900119100006300138245006900201250001700270264008500287300002800372336002700400337003300427338002800460505116800488590002701656942001401683952013901697999001701836DO-SdBNP20231121145142.0a||||gr|||| 00| 0 ta231121e1925 dr ||||| |||| 00| 0 spa d aDO-SdBNPbspacBNPHUerda 4222a320bC352p1 aCastillo Objio, Luis Conrado del,d1888-1927958934eautor10aProlegómenos de enseñanza cívica. /cLuis C. del Castillo. a3a edición aSantiago de los Caballeros, República Dominicana :bManuel Tavarez S.,c[1925] a190 páginas ;c22 cm. 2rdacontentatextobtxt 2rdamediaasin mediaciónbn 2rdacarrieravolumenbnc aLiminar.gSección I.tI Ideas generales de la ciencia etc.-- II Concepto de la familia etc.-- III Idea de gobierno etc.-- IV Porqué el gobierno se vale de la lei para establecer el orden etc.-- V Noción de soberanía etc.-- Concepto de los derechos individuales etc.-- VIII Aspectos jenéricos del derecho etc.-- IX Causas por los cuales se p;ierden los derechos ciudadanos.-- X Qué es lo que se entiende por integridad territorial etc.-- XI Lo que es la bandera etc. XII La propiedad etc.--gSección II.tXIII Noción integral del poder etc.-- XIV Función electoral etc.-- XV Función lejislativa etc.-- XVI Función ejecutiva etc.-- XVII Función judicial etc.-- XVIII Concepto integral del vocablo gobierno etc.-- XIX Formas actuales del gobierno etc.-- XX Lo que es libertad i lo que es libertinaje etc.--gSección III.tXXI Elementos que nos ofrece el estudio del territorio o país etc.-- XXII Elementos esenciales para el desarrollo económico del país etc. XIII Industria agrícola etc.-- XXIV Industria comercial etc.-- XXV Trueque o cambio etc.--- XXVI Función de gobierno etc.-- XXVII A qué se da nombre de presupuesto etc. aInventariado 2023 / MF 2ddccLBS1 00102ddc51708PD-RVaBNPHUbBNPHUcCTd2014-02-21eDonado por Barbara Suncarl0o320 C352pp2023-7934r2023-11-21w2023-11-21yLBS1 c55549d55549